Подробности
| 000 -МАРКЕР |
| контрольное поле |
01707nam0a2200337 4500 |
| 001 - ИДЕНТИФИКАТОР ЗАПИСИ |
| контрольное поле |
RU\NLR\bibl\1508965 |
| 005 - ИДЕНТИФИКАТОР ВЕРСИИ |
| контрольное поле |
20260407015230.0 |
| 010 ## - МЕЖДУНАРОДНЫЙ СТАНДАРТНЫЙ НОМЕР КНИГИ (ISBN) |
| Номер (ISBN) |
978-5-9222-0241-1 |
| Тираж |
300 |
| 021 ## - НОМЕР ГОСУДАРСТВЕННОЙ РЕГИСТРАЦИИ |
| Код страны |
Российская Федерация |
| Номер |
2010-23174 |
| Номер Листа государственной регистраци |
1554 |
| 035 ## - ДРУГИЕ СИСТЕМНЫЕ НОМЕРА |
| Идентификатор записи |
(NLR Aleph) 001500371 |
| 100 ## - ДАННЫЕ ОБЩЕЙ ОБРАБОТКИ |
| Данные общей обработки |
20100507d2009 |||y0rusy50 ca |
| 101 0# - ЯЗЫК РЕСУРСА |
| Язык текста, звукозаписи и т.д. |
русский |
| 102 ## - СТРАНА ПУБЛИКАЦИИ ИЛИ ПРОИЗВОДСТВА |
| Страна публикации |
Российская Федерация |
| 105 ## - ПОЛЕ КОДИРОВАННЫХ ДАННЫХ: ТЕКСТОВЫЕ МАТЕРИАЛЫ, МОНОГРАФИЧЕСКИЕ |
| Кодированные данные о монографическом текстовом документе |
a ||||||||| |
| 200 1# - ЗАГЛАВИЕ И СВЕДЕНИЯ ОБ ОТВЕТСТВЕННОСТИ |
| Основное заглавие |
Проблемы профессиональной подготовки и деятельности специалиста |
| Сведения, относящиеся к заглавию |
сборник научных статей |
| Первые сведения об ответственности |
М-во обороны Рос. Федерации, Гл. упр. воспитат. работы [Вооруж. Сил Рос. Федерации] |
| Последующие сведения об ответственности |
под ред. Зеленкова М.Ю., д.полит.н., к.воен.н. |
| 210 ## - ПУБЛИКАЦИЯ, РАСПРОСТРАНЕНИЕ И ДР. |
| Место издания, распространения и т.д. |
Москва |
| Имя издателя, распространителя и т. д. |
ГУВР ВС РФ |
| Место издания, распространения и т.д. |
Казань |
| Имя издателя, распространителя и т. д. |
Отечество |
| Дата издания, распространения и т.д. |
2009 |
| 215 ## - ФИЗИЧЕСКАЯ ХАРАКТЕРИСТИКА |
| Специфическое обозначение материала и объем |
243 с. |
| Другие сведения о физической характеристике |
ил. |
| Размеры |
21 |
| 320 ## - ПРИМЕЧАНИЯ О НАЛИЧИИ В ДОКУМЕНТЕ БИБЛИОГРАФИИ / УКАЗАТЕЛЯ |
| Текст примечания |
Библиогр. в конце ст. |
| 606 1# - НАИМЕНОВАНИЕ ТЕМЫ КАК ПРЕДМЕТ |
| Наименование темы |
Воинское воспитание |
| Формальный подзаголовок |
Сборники |
| Системный номер авторитетной/нормативной записи |
1214288 |
| Идентификатор авторитетной/нормативной записи |
RU\NLR\auth\66174932 |
| 606 1# - НАИМЕНОВАНИЕ ТЕМЫ КАК ПРЕДМЕТ |
| Наименование темы |
Военное образование |
| Формальный подзаголовок |
Сборники |
| Географический подзаголовок |
Российская Федерация |
| Системный номер авторитетной/нормативной записи |
2093941 |
| Идентификатор авторитетной/нормативной записи |
RU\NLR\auth\661267127 |
| 686 ## - ИНДЕКСЫ ДРУГИХ КЛАССИФИКАЦИЙ |
| Индекс |
Ц4,6(2Р)42я43 |
| 686 ## - ИНДЕКСЫ ДРУГИХ КЛАССИФИКАЦИЙ |
| Индекс |
Ц4,6(2Р)39я43 |
| 702 #1 - ИМЯ ЛИЦА - ВТОРИЧНАЯ ОТВЕТСТВЕННОСТЬ |
| Начальный элемент ввода |
Зеленков |
| Часть имени, кроме начального элемента ввода |
М. Ю. |
| Расширение инициалов личного имени |
Михаил Юрьевич |
| Код отношения |
Редактор |
| 712 01 - НАИМЕНОВАНИЕ ОРГАНИЗАЦИИ - ВТОРИЧНАЯ ОТВЕТСТВЕННОСТЬ |
| Код отношения |
Прочие |
| Начальный элемент ввода |
Российская Федерация |
| Структурное подразделение |
Министерство обороны |
| -- |
Главное управление воспитательной работы |
| Идентификатор авторитетной/нормативной записи |
RU\NLR\AUTH\8810003722 |
| Системный номер авторитетной/нормативной записи |
504737 |
| 801 #0 - ИСТОЧНИК ЗАПИСИ |
| Страна |
Российская Федерация |
| Организация |
NLR |
| Дата составления |
20100507 |
| Правила каталогизации |
RCR |
| 801 #1 - ИСТОЧНИК ЗАПИСИ |
| Страна |
Российская Федерация |
| Организация |
NLR |
| Дата составления |
20100507 |
| 830 ## - ОБЩЕЕ ПРИМЕЧАНИЕ, СОСТАВЛЕННОЕ КАТАЛОГИЗАТОРОМ |
| Текст примечания |
по эк |
| 942 ## - ДОПОЛНИТЕЛЬНЫЕ ЭЛЕМЕНТЫ ЗАПИСИ (АБИС) |
| Тип экземпляра АБИС |
Книга |
| 980 ## - КОЛЛЕКЦИЯ |
| Название коллекции |
Национальная библиография |